المرجع الشامل فيmacromedia pirector 8 / (رقم التسجيلة. 55432)

تفاصيل مارك
000 -الفاتح
عناصر البيانات ثابتة الطول 00717cam a2200205 i 4500
005 - تاريخ ووقت آخر معاملة
حقل ضبط 20251108171043.0
008 - عناصر البيانات ثابتة الطول
عناصر البيانات ثابتة الطول 250721s2000 sy a gr 000 0 ara d
082 14 - رقم تصنيف ديوي العشري
رقم التصنيف 500.13
رقم المادة ج ل ا
100 1# - مدخل رئيسي – اسم شخصي
الاسم الشخصي جلال، وائل
علاقة الشخص بالعمل/ دوره مؤلف.
245 10 - بيان العنوان
العنوان المرجع الشامل فيmacromedia pirector 8 /
بيان المسؤولية الاستاذ وائل جلال.
250 ## - بيان الطبعة
بيان الطبعة الطبعة الاولى.
264 31 - بيانات النشر، التوزيع…إلخ
مكان النشر، التوزيع...إلخ عمان :
اسم الناشر، الموزع...إلخ دار الرضا للنشر،
تاريخ النشر، التوزيع...إلخ 2000.
300 ## - الوصف المادي
عدد الوحدات المكونة للوعاء 209 صفحة.
490 0# - بيان السلسلة
عنوان السلسلة سلسلة الرضا للمعلومات
650 17 - مدخل إضافي بالموضوع - مصطلح موضوعي
مصطلح موضوعي أو اسم جغرافي كعنصر مدخل الحواسيب.
650 17 - مدخل إضافي بالموضوع - مصطلح موضوعي
مصطلح موضوعي أو اسم جغرافي كعنصر مدخل لغات البرمجة.
830 #0 - مدخل إضافي بالسلسلة-عنوان مقنن
عنوان السلسسلة سلسلة الرضا للمعلومات
942 ## - بيانات إضافية (كوها)
نوع التنصيف Dewey Decimal Classification
نوع المادة (كوها) كتب
المقتنيات
حالة السحب حالة الفقدان مصدر التصنيف حالة التلف غير قابل للإعارة المكتبة الرئيسية المكتبة الحالية موقع الرف تاريخ التزويد الرقم المتسلسل Total Checkouts رقم الإستدعاء الباركود تاريخ آخر ظهور تاريخ الفاتورة نوع المادة (كوها)
    Dewey Decimal Classification     المكتبة المركزية المكتبة المركزية الإعارة 06/07/2004 469540   500.13 / ج ل ا 469540 28/07/2025 06/07/2004 كتب
Implemented & Customized by: BBB with SCIT (Smart Chains for Information Technology)

Powered by Koha